Normal view
MARC view
Entry Personal Name
001 - CONTROL NUMBER
- control field: 52664
003 - CONTROL NUMBER IDENTIFIER
- control field: ARRUPE
005 - DATE AND TIME OF LATEST TRANSACTION
- control field: 20240423121344.0
008 - FIXED-LENGTH DATA ELEMENTS
- fixed length control field: 240423|| aca||aabn | a|a d
040 ## - CATALOGING SOURCE
- Original cataloging agency: ARRUPE
- Transcribing agency: ARRUPE
100 ## - HEADING--PERSONAL NAME
- Personal name: Copeland. Gary W
670 ## - SOURCE DATA FOUND
- Source citation: Work cat.: (ARRUPE)131871: Copeland. Gary W, , Parliaments in the modern world;, 1994